Paradigmas en psicología de la educación

La obra señala los rangos distintivos esenciales de los paradigmas vigentes y analiza las consecuencias de su aplicación, se da una introducción general a las bases de la disciplina psicoeducativa con hincapié en lo histórico y lo epistemológico.

Salvato in:
Dettagli Bibliografici
Autore principale: Hernández Rojas, Gerardo
Natura: Libro
Lingua:Spanish
Pubblicazione: México: Editorial Paidos Mexicana, 1998
Serie:Paidós educador; No. 131
Soggetti:
Accesso online:Enlace del recurso
Tags: Aggiungi Tag
Nessun Tag, puoi essere il primo ad aggiungerne! !

MARC

LEADER 00000nam a2200000 a 4500
001 001001
008 030502s1998 mx # fr# #000|0#spa#d
020 |a 968-853-383-1 
041 0 |a spa 
043 |a n-mx--- 
082 0 4 |a 370.15  |b H265p 
100 1 |a Hernández Rojas, Gerardo 
245 1 0 |a Paradigmas en psicología de la educación   |c Gerardo Hernández Rojas 
260 |a México:  |b Editorial Paidos Mexicana,  |c 1998 
300 |a 267 p. 
440 0 |a Paidós educador;  |v No. 131 
504 |a Incluye bibliografía. 
520 3 |a La obra señala los rangos distintivos esenciales de los paradigmas vigentes y analiza las consecuencias de su aplicación, se da una introducción general a las bases de la disciplina psicoeducativa con hincapié en lo histórico y lo epistemológico. 
650 1 4 |a PSICOLOGÍA EDUCATIVA 
650 1 4 |a PARADIGMAS (TEORÍA DEL CONOCIMIENTO) 
999 |c 3153  |d 3153 
856 |u https://catalogo.idep.edu.co/cgi-bin/koha/opac-detail.pl?biblionumber=3153  |z Enlace del recurso